Postavenie daňových rajov po prepuknutí krízy od roku 2008 diplomová práca

Na minha lista:
Detalhes bibliográficos
Autor principal: Bothová, Zdenka
Autor Corporativo: Obchodná fakulta EU. Katedra medzinárodného obchodu
Outros Autores: Hlušková, Tatiana, 1987-
Formato: Livro
Idioma:eslovaco
Publicado em: Bratislava 2016
Tags: Adicionar Tag
Sem tags, seja o primeiro a adicionar uma tag!

MARC

LEADER 00000nbm a2200000 4500
001 0216633
005 20161123143339.7
041 0 |a slo 
044 |a SK 
245 1 0 |a Postavenie daňových rajov po prepuknutí krízy od roku 2008  |b diplomová práca  |c Zdenka Bothová ; školiteľ: Tatiana Hlušková 
264 1 |a Bratislava  |c 2016 
300 |a 73 s. 
100 1 |a Bothová, Zdenka 
700 1 |a Hlušková, Tatiana, 1987- 
710 2 |a Obchodná fakulta EU. Katedra medzinárodného obchodu